| 000 | 00418nam a2200157 i 4500 | ||
|---|---|---|---|
| 001 | 27784 | ||
| 003 | ES-MaACL | ||
| 005 | 20230906153716.0 | ||
| 007 | t| | ||
| 008 | 030115s1909 fr ||||1| fre d | ||
| 100 | 1 |
_aAynard, Joseph. _924185 |
|
| 245 | 1 | 0 |
_aOxford et Cambridge / _cJoseph Aynard. |
| 260 |
_a[Paris : _bs.n., _c1909] ( _fEvreuse Ch. Herissey) |
||
| 300 |
_a131 p. ; _c26 cm. |
||
| 852 |
_aES-MaACL _jF-2104 |
||
| 999 |
_c27784 _d27784 |
||